Montreal - The Weeknd Lyrics - Statistics

General Stats
  • This quiz has been taken 125 times
  • The average score is 178 of 209
Answer Stats
Hint Answer % Correct
a
99%
Verse1 I
97%
you
97%
You
97%
could
95%
have
95%
Girl,
94%
me
94%
no
94%
to
94%
we
92%
when
92%
guess
91%
had
91%
that
91%
so
90%
So
90%
anything
88%
be
88%
go
88%
I'm
88%
it
88%
Chorus It
88%
went
88%
and
87%
Chorus And
87%
'Cause
87%
persuaded
87%
can
86%
doing
86%
idea
86%
if
86%
8x If
86%
many
86%
on
86%
say
86%
way
86%
should
85%
star
85%
the
85%
The
85%
ways
85%
your
85%
baby
83%
been
83%
just
83%
feel
82%
lonely
82%
time
82%
alone
81%
come
81%
don't
81%
is
81%
know
81%
love
81%
all
79%
make
79%
seem
79%
this
79%
took
79%
what
79%
about
78%
hard
78%
not
78%
pleased
78%
song
78%
as
77%
Verse2 Happiness
77%
said
77%
exist
76%
pro
76%
think
76%
ain't
74%
at
74%
came
74%
they
74%
thing
74%
call
73%
close
73%
hope
73%
how
73%
natural
73%
nobody
73%
only
73%
won't
73%
comes
72%
letting
72%
of
72%
feels
71%
thought
71%
But
68%
lying
68%
could've
63%
probably
56%
meant
3%
No matching quizzes found
Score Distribution
Percent of People with Each Score
Percentile by Number Answered
Your Score History
You have not taken this quiz